=LDR 00000nam 2200000 4500 =001 000180 =020 $9789797881450 =082 $641.500 =100 $Nining Prikasih =245 $30 variasi olahan mi instan =250 $Cetakan ketiga =264 $Yogyakarta: Media Pressindo 2024 =300 $32 halaman; 19 x 19 cm =650 $Makanan =905 $641.5 NIN t =336 $$a =337 $$a =338 $$a =005 20260702151432.0 =008 260702s2026\\\\\\\\\\\\\\\\\\\\\\\\\\\\\\\\\\\\\\\\\